000 01104nam a2200217 a 4500
001 28309
005 20180713231152.0
008 140415s2003 mx 000 0 spa d
020 _a0070695725
041 _aspa
082 _a658.3
_bWER
100 1 _aB. WELTHER JR.,WILLIAM
245 1 0 _aADMINISTRACIÓN DE PERSONAL Y RECURSOS HUMANOS
250 _a5° EDICIÓN
260 _aMEXICO :
_bMC GRAW HILL,
_c2003
300 _a581
_c20 x 4 x 26
520 _aEN LA NUEVA EDICIÓN DE ESTE BEST SELLER SE PRESTA MAYOR ATENCIÓN AL PAPEL DEL DEPARTAMENTO DE PERSONAL COMO INSTRUMENTO DE VENTAJA COMPETITIVA EN EL PROCESO DE INTERNACIONALIZACIÓN DE LAS ORGANIZACIONES Y SE INCLUYE UNA SERIE DE APÉNDICES CON LOS SIGUIENTES TEMAS: BENCHMARKING EN RECURSOS HUMANOS, OUTSOURCING, SEGURIDAD E HIGIENE EN EL TRABAJO Y SISTEMAS DE AHORRO PARA EL RETIRO.SIN DUDA ALGUNA, ESTA OBRA SEGUIRÁ SIENDO CONSULTA OBLIGADA PARA QUIENES DESEEN MANTENERSE ACTUALIZADOS EN U
650 1 4 _aRECURSOS HUMANOS
700 1 _aMEJIA GOMEZ, JAOQUIN
_etr.
740 _aHUMAN RESOURCES AND PERSONNEL MANAGEMENT
999 _c28309
_d28309